Taylor Swift songs- sudden death - Statistics

General Stats
  • This quiz has been taken 78 times
  • The average score is 16 of 17
Answers on the Grid
Answers color-coded by a green-red scale on the quiz's grid according to % correct below.
love story
bad blood
you belong with me
look what you made me do
shake it off
cruel summer
blank space
fortnight
we are never ever getting back together
lover
karma
i knew you were trouble
style
enchanted
crazy right?
anti-hero
ME!
adore you
message in a bottle
deja vu
i loved you
10 things i hate about you
lovely
as it was
gazing sky
cheap love
sorry not sorry
bad guy
too young to die
said he loved me
 
Answer Stats
Answer % Correct
anti-hero
100%
blank space
100%
look what you made me do
100%
lover
100%
bad blood
97%
cruel summer
97%
love story
97%
shake it off
97%
i knew you were trouble
94%
style
94%
we are never ever getting back together
94%
you belong with me
94%
enchanted
91%
karma
91%
fortnight
88%
ME!
85%
message in a bottle
85%
No matching quizzes found
Score Distribution
Percent of People with Each Score
Percentile by Number Answered
Your Score History
You have not taken this quiz